00442nam a2200169Ia 450000500170000000800410001702000180005804000190007604100120009508200110010710000170011824500390013526000530017430000120022765000230023985000100026220230707112852.0131103s9999 xx 000 0 und d aSBN:241019354 aLoreto College aEnglish aFbFLE aFleming,Joan 4aThe Man from nowherecJoan Fleming aLondonbA Fingerprint Book/Hamish Hamiltonc1960 a176 p.  aFiction in English aLCLIB